Economic Simplified: Revised and updated (Record no. 3317)
[ view plain ]
| 005 - DATE AND TIME OF LATEST TRANSACTION | |
|---|---|
| control field | 20250619144610.0 |
| 020 ## - INTERNATIONAL STANDARD BOOK NUMBER | |
| International Standard Book Number | 9789966289827 |
| 082 ## - DEWEY DECIMAL CLASSIFICATION NUMBER | |
| Classification number | 330 SAL |
| 100 ## - MAIN ENTRY--PERSONAL NAME | |
| Author name | SALEEMI, N.A. |
| 245 ## - TITLE STATEMENT | |
| Title | Economic Simplified: Revised and updated |
| 250 ## - EDITION STATEMENT | |
| Edition statement | 4th ed. |
| 260 ## - PUBLICATION, DISTRIBUTION, ETC. | |
| Place of publication, distribution, etc. | Nairobi |
| Name of publisher, distributor, etc. | Saleemi |
| Date of publication, distribution, etc. | 2015 |
| 300 ## - PHYSICAL DESCRIPTION | |
| Extent | 572p.ill.table |
| Dimensions | 20 cm. |
| 942 ## - ADDED ENTRY ELEMENTS (KOHA) | |
| Source of classification or shelving scheme | Dewey Decimal Classification |
| Koha item type | Books |
| Date last seen | Total checkouts | Full call number | Barcode | Cost, replacement price | Price effective from | Koha item type | Lost status | Source of classification or shelving scheme | Damaged status | Not for loan | Withdrawn status | Home library | Current library | Shelving location | Date acquired | Cost, normal purchase price | Date last checked out |
|---|---|---|---|---|---|---|---|---|---|---|---|---|---|---|---|---|---|
| 06/06/2025 | 330 SAL | DOM0001724 | 135000.00 | 06/06/2025 | Books | Dewey Decimal Classification | CBE Dodoma | CBE Dodoma | Special Reserve Collection | 03/12/2025 | 45000.00 | ||||||
| 12/01/2025 | 1 | 330 SAL | DOM0001727 | 135000.00 | 06/06/2025 | Books | Dewey Decimal Classification | CBE Dodoma | CBE Dodoma | Special Reserve Collection | 07/24/2017 | 45000.00 | 11/27/2025 | ||||
| 06/06/2025 | 330 SAL | DOM0001722 | 135000.00 | 06/06/2025 | Books | Dewey Decimal Classification | CBE Dodoma | CBE Dodoma | Special Reserve Collection | 03/12/2025 | 45000.00 | ||||||
| 06/06/2025 | 330 SAL | DOM0001717 | 135000.00 | 06/06/2025 | Books | Dewey Decimal Classification | CBE Dodoma | CBE Dodoma | Special Reserve Collection | 07/24/2017 | 45000.00 | ||||||
| 06/06/2025 | 330 SAL | DOM0001716 | 135000.00 | 06/06/2025 | Books | Dewey Decimal Classification | CBE Dodoma | CBE Dodoma | Special Reserve Collection | 07/24/2017 | 45000.00 | ||||||
| 06/06/2025 | 330 SAL | DOM0001718 | 135000.00 | 06/06/2025 | Books | Dewey Decimal Classification | CBE Dodoma | CBE Dodoma | Special Reserve Collection | 07/24/2017 | 45000.00 |
